000 00644nam a2200229 a 4500
999 _c7594
_d7594
001 7594
003 BD-JhCC
005 20181120100756.0
008 180212s1987 bg a|||| ||a| 000 0 ben d
035 _a(BD-JhCC)7594
040 _aBD-JhCC
_dBD-JhCC
041 _aben
082 _a639.3
_bISL 1987
100 _aইসলাম,আনোরুল.
245 _aমৎস্যবিদ্যা /
_cআনোরুল ইসলাম
260 _aঢাকা :
_bবাংলা একাডেমী ;
_c1987.
300 _a140 p. :
_bill;
_c22 cm.
650 _aFisheries
651 _aFishiness
942 _2lcc
_cBK